000 00548pam a2200181 a 4500
005 20250901165319.0
008 871229s1988 nyua b 001 0 eng
010 _a 87035287
020 _a0070073864
050 0 0 _aHG4026 .B667 1988
_b.B667 1988
082 0 0 _a658.1/5
_219
100 1 _aBrealey, Richard A.
245 1 0 _aPrinciples of corporate finance /
_cRichard A. Brealey, Stewart C. Myers.
250 _a3rd ed.
260 _aNew York :
_bMcGraw-Hill,
_cc1988.
300 _axxiv, 889, [60] p. :
_bill. (some col.) ;
_c25 cm.
942 _2ddc
999 _c1997
_d1997